LEADER 01679nam 2200325Ia 450 001 996386176403316 005 20221108074250.0 035 $a(CKB)4940000000078041 035 $a(EEBO)2240953179 035 $a(OCoLC)12607564 035 $a(EXLCZ)994940000000078041 100 $a19850927d1642 uy | 101 0 $aeng 135 $aurbn||||a|bb| 200 12$aA letter of the Earle of Corke to the state at Dvblin$b[electronic resource] $eand sent over from thence by the governour to his lady in London : vvherein is shewed the barbarous cruelty the rebels have lately used to twenty of the Lord Barrimoores men at Coole, killing and spoiling all the rest of the English there : and how my Lord Barrimoore burned and spoiled their countrey and killed all the rebels hee could light upon : also the taking of Rochfords castle, killing the captaine and foure hundred of the Rebels : another defeat wherein two hundred and forty of the rebels were killed with little losse to the English : likewise the taking of Barnehely castle wherein were found a thousand barrels of wheat with other provision and victuals 210 $aLondon $cPrinted for Edward Blackmore$dMay the ninth, 1642 215 $a[2], 6 p 300 $aReproduction of original in Thomason Collection, British Library. 330 $aeebo-0158 607 $aIreland$xHistory$yRebellion of 1641 700 $aCork$b Richard Boyle$cEarl of,$f1566-1643.$01014016 801 0$bEAA 801 1$bEAA 801 2$bm/c 801 2$bUMI 801 2$bWaOLN 906 $aBOOK 912 $a996386176403316 996 $aA letter of the Earle of Corke to the state at Dvblin$92382925 997 $aUNISA LEADER 00964nam a2200205 i 4500 001 991001679289707536 005 20020507150448.0 008 991102s1961 gr ||| | fre 035 $ab11548290-39ule_inst 035 $aLE02723089$9ExL 040 $aDip.to Studi Giuridici$bita 100 1 $aBabacos, Antoine M.$0194657 245 10$aActes d'aliénation en commun et autres phénoménes apparentés d'aprés le droit de la thessalie antique :$bcontribution à l'étude de la comproprieté familiale chez les anciens grecs /$cM. Antoine Babacos 260 $aAtene :$c1961 907 $a.b11548290$b02-04-14$c02-07-02 912 $a991001679289707536 945 $aLE027 ARCHI M 85$g1$iLE027-3982$lle027$o-$pE0.00$q-$rl$s- $t0$u0$v0$w0$x0$y.i11747699$z02-07-02 996 $aActes d'aliénation en commun et autres phénomènes apparentés d'aprés le droit de la Thessalie antique$9522552 997 $aUNISALENTO 998 $ale027$b01-01-99$cm$da $e-$ffre$ggr $h0$i1